Improve your reading / (رقم التسجيلة. 29854)

تفاصيل مارك
000 -الفاتح
حقل البيانات ثابتة الطول 00865cam a2200301 a 4500
001 - رقم الضبط
رقم الضبط 16993417
003 - محدد رقم الضبط
رقم الضبط OSt
005 - وقت وتاريخ اخر تعامل مع التسجيلة
رقم الضبط 20150408114132.0
008 - عناصر البيانات ثابتة الطول - معلومات عامة
حقل البيانات ثابتة الطول 111007s2012 mau 001 0 eng
010 ## - رقم ضبط مكتبة الكونجرس
رقم ضبط مكتبة الكونجرس 2011940743
020 ## - الرقم الدولى المعيارى للكتب
الرقم الدولى المعيارى للكتاب 9781435461062 (pbk. : alk. paper)
040 ## - مصدر الفهرسة
وكالة الفهرسة الأصلية Ma_ua
وكالة النسخ DLC
وكالة التعديل DLC
042 ## - رمز التحقق
رمز التحقق pcc
050 00 - رقم طلب مكتبة الكونجرس
رقم التصنيف LB1050
رقم المادة .F797 2012
082 00 - رقم تصنيف ديوى العشرى
رقم التصنيف 372.47 FRI
رقم الطبعة 23
100 1# - المدخل الرئيسى - إسم شخصى
الإسم الشخصى Fry, Ronald W.
9 (RLIN) 35610
245 10 - بيان العنوان
العنوان Improve your reading /
بيان المسئوليه,etc Ron Fry.
250 ## - بيان الطبعة
بيان الطبعة 6th ed.
260 ## - PUBLICATION, DISTRIBUTION, ETC. (IMPRINT)
مكان الناشر او الموزع Boston, MA :
اسم الناشر او الموزع Cengage Learning,
تاريخ النشر أو التوزيع 2012.
300 ## - الوصف المادى
التعداد v, 125 p. ;
أبعاد الوعاء 22 cm.
490 0# - بيان السلسلة
عنوان السلسلة Ron Fry's How to study program
500 ## - تبصرة عامة
تبصرة عامة Includes index.
650 #0 - المدخل الاضافى بالموضوع-مصطلح موضوعى
مصطلح موضوعي أو اسم جغرافي كعنصر مدخل Reading.
650 #0 - المدخل الاضافى بالموضوع-مصطلح موضوعى
مصطلح موضوعي أو اسم جغرافي كعنصر مدخل Reading comprehension.
9 (RLIN) 35611
906 ## - عنصر بيانات محلى F, LDF (RLIN)
a 7
b cbc
c orignew
d 2
e epcn
f 20
g y-gencatlg
942 ## - عناصر المدخل الإضافي( كوها)
مصدر التصنيف او مخطط الترفيف Dewey Decimal Classification
Koha [default] item type كتاب
المقتنيات
حالة الفقد نموذج السعر الفعال حالة تلف ليس للاعارة رقم الطلب رقم النسخة تاريخ الاكتساب الموقع الحالي الباركود الفرع الرئيسي Total Renewals Date last checked out Date last seen نوع المادة فى نظام كوها مصدر التصنيف او خطة الترفيف Total Checkouts مُعار
  2013-04-25   Not For Loan 372.47 FRI 1 2013-04-25 المكتبة المركزية بالمجمعة (CL) 00306661 المكتبة المركزية بالمجمعة (CL) 1 2014-04-03 2014-08-05 كتاب Dewey Decimal Classification 1  
  2013-04-25     372.47 FRI 2 2013-04-25 المكتبة المركزية بالمجمعة (CL) 00306663 المكتبة المركزية بالمجمعة (CL)     2013-04-25 كتاب Dewey Decimal Classification    
  2013-04-25     372.47 FRI 3 2013-04-25 المكتبة المركزية بالمجمعة (CL) 00306662 المكتبة المركزية بالمجمعة (CL)     2013-04-25 كتاب Dewey Decimal Classification    
  2013-04-25   Not For Loan 372.47 FRI 1 2013-04-25 المكتبة المركزية بالمجمعة (CL) 00306655 مكتبة مجمع الطالبات بالمجمعة (EMF)   2025-05-18 2025-12-02 كتاب Dewey Decimal Classification 1  
  2014-07-09     372.47 FRI   2014-07-09 المكتبة المركزية بالمجمعة (CL) 00653213 مكتبة مجمع الكليات بالزلفى - طلاب (SZM)   2025-02-06 2025-03-09 كتاب Dewey Decimal Classification 3  
  2014-07-09     372.47 FRI   2014-07-09 المكتبة المركزية بالمجمعة (CL) 00653048 المكتبة المركزية بالمجمعة (CL)     2014-07-09 كتاب Dewey Decimal Classification    
  2014-07-09     372.47 FRI   2014-07-09 المكتبة المركزية بالمجمعة (CL) 00653049 المكتبة المركزية بالمجمعة (CL)     2014-07-09 كتاب Dewey Decimal Classification    
  2014-07-09     372.47 FRI   2014-07-09 المكتبة المركزية بالمجمعة (CL) 00653050 المكتبة المركزية بالمجمعة (CL)     2014-07-09 كتاب Dewey Decimal Classification    
  2014-07-09     372.47 FRI   2014-07-09 مكتبة كلية التربية بالزلفى - طالبات (EZF) 00653214 مكتبة مجمع الكليات بالزلفى - طلاب (SZM)   2015-10-19 2015-11-22 كتاب Dewey Decimal Classification 1  
  2013-04-25   Not For Loan 372.47 FRI 1 2013-04-25 مكتبة كلية العلوم و الدراسات الإنسانية برماح - طالبات (SRF) 00306657 مكتبة كلية العلوم و الدراسات الإنسانية برماح - طالبات (SRF)     2013-04-25 كتاب Dewey Decimal Classification    
  2013-04-25     372.47 FRI 2 2013-04-25 مكتبة كلية العلوم و الدراسات الإنسانية برماح - طالبات (SRF) 00306658 مكتبة كلية العلوم و الدراسات الإنسانية برماح - طالبات (SRF)   2015-11-23 2015-12-10 كتاب Dewey Decimal Classification 1  
  2013-04-25   Not For Loan 372.47 FRI 1 2013-04-25 مكتبة كلية العلوم و الدراسات الإنسانية برماح - طلاب (SRM) 00306660 مكتبة كلية العلوم و الدراسات الإنسانية برماح - طلاب (SRM)     2013-04-25 كتاب Dewey Decimal Classification    
  2013-04-25     372.47 FRI 2 2013-04-25 مكتبة كلية العلوم و الدراسات الإنسانية برماح - طلاب (SRM) 00306659 مكتبة كلية العلوم و الدراسات الإنسانية برماح - طلاب (SRM) 1 2019-12-08 2019-12-08 كتاب Dewey Decimal Classification 1 2020-06-05
  2013-04-25     372.47 FRI 2 2013-04-25 مكتبة مجمع الطالبات بالمجمعة (EMF) 00306656 مكتبة مجمع الطالبات بالمجمعة (EMF) 1 2019-10-01 2019-11-13 كتاب Dewey Decimal Classification 3